<?xml version="1.0" encoding="UTF-8"?>
<record
    xmlns:xsi="http://www.w3.org/2001/XMLSchema-instance"
    xsi:schemaLocation="http://www.loc.gov/MARC21/slim http://www.loc.gov/standards/marcxml/schema/MARC21slim.xsd"
    xmlns="http://www.loc.gov/MARC21/slim">

  <leader>03045ncm0a2200421   4500</leader>
  <controlfield tag="001">RU\NLR\ONIZ\195660</controlfield>
  <controlfield tag="005">20250614044318.0</controlfield>
  <datafield tag="035" ind1=" " ind2=" ">
    <subfield code="a">(NLR Aleph) 010403637</subfield>
  </datafield>
  <datafield tag="071" ind1="2" ind2="0">
    <subfield code="a">1315</subfield>
  </datafield>
  <datafield tag="090" ind1=" " ind2=" ">
    <subfield code="a">9719564</subfield>
    <subfield code="c">9719564</subfield>
  </datafield>
  <datafield tag="100" ind1=" " ind2=" ">
    <subfield code="a">20120525d1972    |||y0rusy50      ca</subfield>
  </datafield>
  <datafield tag="101" ind1="0" ind2=" ">
    <subfield code="a">rus</subfield>
  </datafield>
  <datafield tag="102" ind1=" " ind2=" ">
    <subfield code="a">RU</subfield>
  </datafield>
  <datafield tag="125" ind1=" " ind2=" ">
    <subfield code="a">dx</subfield>
  </datafield>
  <datafield tag="135" ind1=" " ind2=" ">
    <subfield code="a">crmn mmmapada</subfield>
  </datafield>
  <datafield tag="145" ind1="0" ind2=" ">
    <subfield code="a">a</subfield>
  </datafield>
  <datafield tag="200" ind1="1" ind2=" ">
    <subfield code="a">&#x418;&#x437;&#x431;&#x440;&#x430;&#x43D;&#x43D;&#x44B;&#x435; &#x445;&#x43E;&#x440;&#x44B;</subfield>
    <subfield code="b">&#x41D;&#x43E;&#x442;&#x44B;</subfield>
    <subfield code="e">&#x431;&#x435;&#x437; &#x441;&#x43E;&#x43F;&#x440;&#x43E;&#x432;&#x43E;&#x436;&#x434;.</subfield>
  </datafield>
  <datafield tag="205" ind1=" " ind2=" ">
    <subfield code="a">2-&#x435; &#x438;&#x437;&#x434;.</subfield>
  </datafield>
  <datafield tag="210" ind1=" " ind2=" ">
    <subfield code="a">&#x41B;&#x435;&#x43D;&#x438;&#x43D;&#x433;&#x440;&#x430;&#x434;</subfield>
    <subfield code="c">&#x41C;&#x443;&#x437;&#x44B;&#x43A;&#x430;</subfield>
    <subfield code="d">1972</subfield>
  </datafield>
  <datafield tag="215" ind1=" " ind2=" ">
    <subfield code="a">135 &#x441;.</subfield>
    <subfield code="d">29 &#x441;&#x43C;</subfield>
  </datafield>
  <datafield tag="313" ind1=" " ind2=" ">
    <subfield code="a">&#x421;&#x438;&#x441;&#x442;&#x435;&#x43C;&#x430;&#x442;&#x438;&#x437;&#x430;&#x446;&#x438;&#x44F; &#x434;&#x43E;&#x43A;&#x443;&#x43C;&#x435;&#x43D;&#x442;&#x430; &#x43F;&#x440;&#x43E;&#x432;&#x435;&#x434;&#x435;&#x43D;&#x430; &#x43F;&#x43E; &#x438;&#x437;&#x434;&#x430;&#x43D;&#x438;&#x44E; - &#x41C;&#x435;&#x442;&#x43E;&#x434;&#x438;&#x43A;&#x430; &#x43A;&#x43B;&#x430;&#x441;&#x441;&#x438;&#x444;&#x438;&#x446;&#x438;&#x440;&#x43E;&#x432;&#x430;&#x43D;&#x438;&#x44F; &#x43C;&#x443;&#x437;&#x44B;&#x43A;&#x430;&#x43B;&#x44C;&#x43D;&#x44B;&#x445; &#x43F;&#x440;&#x43E;&#x438;&#x437;&#x432;&#x435;&#x434;&#x435;&#x43D;&#x438;&#x439; (&#x43D;&#x43E;&#x442;&#x43D;&#x44B;&#x445; &#x438;&#x437;&#x434;&#x430;&#x43D;&#x438;&#x439;) &#x43F;&#x43E; &#x442;&#x430;&#x431;&#x43B;&#x438;&#x446;&#x430;&#x43C; &#x411;&#x438;&#x431;&#x43B;&#x438;&#x43E;&#x442;&#x435;&#x447;&#x43D;&#x43E;-&#x431;&#x438;&#x431;&#x43B;&#x438;&#x43E;&#x433;&#x440;&#x430;&#x444;&#x438;&#x447;&#x435;&#x441;&#x43A;&#x438;&#x445; &#x43A;&#x43B;&#x430;&#x441;&#x441;&#x438;&#x444;&#x438;&#x43A;&#x430;&#x446;&#x438;&#x439; : &#x43C;&#x435;&#x442;&#x43E;&#x434;. &#x440;&#x435;&#x43A;&#x43E;&#x43C;&#x435;&#x43D;&#x434;&#x430;&#x446;&#x438;&#x438; / &#x413;&#x43E;&#x441;. &#x431;-&#x43A;&#x430; &#x421;&#x421;&#x421;&#x420; &#x438;&#x43C;. &#x412;.&#x418;. &#x41B;&#x435;&#x43D;&#x438;&#x43D;&#x430;.- &#x41C;., 1977. &#x418;&#x43D;&#x434;&#x435;&#x43A;&#x441;&#x443; &#x411;&#x411;&#x41A; &#x43C;&#x435;&#x442;&#x43E;&#x434;&#x438;&#x447;&#x435;&#x441;&#x43A;&#x438;&#x445; &#x440;&#x435;&#x43A;&#x43E;&#x43C;&#x435;&#x43D;&#x434;&#x430;&#x446;&#x438;&#x439; &#x43F;&#x440;&#x438;&#x441;&#x432;&#x430;&#x438;&#x432;&#x430;&#x435;&#x442;&#x441;&#x44F; &#x43A;&#x43E;&#x434; &#x411;&#x411;&#x41A; &#x434;&#x43B;&#x44F; &#x43D;&#x430;&#x443;&#x447;&#x43D;&#x44B;&#x445; &#x431;&#x438;&#x431;&#x43B;&#x438;&#x43E;&#x442;&#x435;&#x43A; - LBC/SL</subfield>
  </datafield>
  <datafield tag="325" ind1=" " ind2=" ">
    <subfield code="a">&#x41A;&#x43E;&#x43F;&#x438;&#x44F; &#x434;&#x43E;&#x441;&#x442;&#x443;&#x43F;&#x43D;&#x430; &#x432; &#x42D;&#x43B;&#x435;&#x43A;&#x442;&#x440;&#x43E;&#x43D;. &#x431;-&#x43A;&#x435; &#x420;&#x41D;&#x411; http://vivaldi.nlr.ru/bn000010457/view</subfield>
  </datafield>
  <datafield tag="464" ind1=" " ind2="0">
    <subfield code="1">2001#$a&#x421;&#x43E;&#x441;&#x43D;&#x430;$e"&#x41D;&#x430; &#x441;&#x435;&#x432;&#x435;&#x440;&#x435; &#x434;&#x438;&#x43A;&#x43E;&#x43C; &#x441;&#x442;&#x43E;&#x438;&#x442; &#x43E;&#x434;&#x438;&#x43D;&#x43E;&#x43A;&#x43E;..."$f&#x441;&#x43B;. &#x41C;. &#x41B;&#x435;&#x440;&#x43C;&#x43E;&#x43D;&#x442;&#x43E;&#x432;&#x430;</subfield>
    <subfield code="1">215##$a&#x421;.11-12</subfield>
    <subfield code="1">686##$a&#x429;941.1-0-043.3(28)$vLBC/SL$2rubbk</subfield>
    <subfield code="1">702#1$9z01790$a&#x41B;&#x435;&#x440;&#x43C;&#x43E;&#x43D;&#x442;&#x43E;&#x432;$b&#x41C;. &#x42E;.$g&#x41C;&#x438;&#x445;&#x430;&#x438;&#x43B; &#x42E;&#x440;&#x44C;&#x435;&#x432;&#x438;&#x447;$f1814-1841$4520$7ca</subfield>
    <subfield code="1">790#1$9z01702$aLermontov$bM. Yu.$gMikhail Yur`evich$f1814-1841$4520$7ba</subfield>
    <subfield code="t">&#x421;&#x43E;&#x441;&#x43D;&#x430;</subfield>
  </datafield>
  <datafield tag="464" ind1=" " ind2="0">
    <subfield code="1">2001#$a&#x421;&#x435;&#x440;&#x435;&#x43D;&#x430;&#x434;&#x430;$e"&#x422;&#x438;&#x445;&#x43E; &#x432;&#x435;&#x447;&#x435;&#x440; &#x434;&#x43E;&#x433;&#x43E;&#x440;&#x430;&#x435;&#x442;..."$f&#x441;&#x43B;. &#x410;. &#x424;&#x435;&#x442;&#x430;</subfield>
    <subfield code="1">215##$a&#x421;.13-14</subfield>
    <subfield code="1">686##$a&#x429;941.1-0-043.3(28)$vLBC/SL$2rubbk</subfield>
    <subfield code="1">702#1$9z01790$a&#x424;&#x435;&#x442;$b&#x410;. &#x410;.$g&#x410;&#x444;&#x430;&#x43D;&#x430;&#x441;&#x438;&#x439; &#x410;&#x444;&#x430;&#x43D;&#x430;&#x441;&#x44C;&#x435;&#x432;&#x438;&#x447;$f1820-1892$4520$7ca</subfield>
    <subfield code="1">790#1$9z01702$aFet$bA. A.$gAfanasij Afanas`evi&#x10D;$f1820-1892$4520$7ba</subfield>
    <subfield code="t">&#x421;&#x435;&#x440;&#x435;&#x43D;&#x430;&#x434;&#x430;</subfield>
  </datafield>
  <datafield tag="464" ind1=" " ind2="0">
    <subfield code="1">2001#$a&#x412;&#x435;&#x43D;&#x435;&#x446;&#x438;&#x44F; &#x43D;&#x43E;&#x447;&#x44C;&#x44E;$e"&#x412;&#x441;&#x43F;&#x43B;&#x435;&#x441;&#x43A;&#x438; &#x432;&#x43E;&#x43B;&#x43D; &#x441;&#x432;&#x435;&#x440;&#x43A;&#x430;&#x44E;&#x442; &#x44F;&#x440;&#x43A;&#x43E;..."$f&#x441;&#x43B;. &#x410;. &#x424;&#x435;&#x442;&#x430;</subfield>
    <subfield code="1">215##$a&#x421;.15-16</subfield>
    <subfield code="1">686##$a&#x429;941.1-0-043.3(28)$vLBC/SL$2rubbk</subfield>
    <subfield code="1">702#1$9z01790$a&#x424;&#x435;&#x442;$b&#x410;. &#x410;.$g&#x410;&#x444;&#x430;&#x43D;&#x430;&#x441;&#x438;&#x439; &#x410;&#x444;&#x430;&#x43D;&#x430;&#x441;&#x44C;&#x435;&#x432;&#x438;&#x447;$f1820-1892$4520$7ca</subfield>
    <subfield code="1">790#1$9z01702$aFet$bA. A.$gAfanasij Afanas`evi&#x10D;$f1820-1892$4520$7ba</subfield>
    <subfield code="t">&#x412;&#x435;&#x43D;&#x435;&#x446;&#x438;&#x44F; &#x43D;&#x43E;&#x447;&#x44C;&#x44E;</subfield>
  </datafield>
  <datafield tag="686" ind1=" " ind2=" ">
    <subfield code="a">&#x429; 941.1-0 &#x44F;43(28)</subfield>
    <subfield code="v">LBC/SL</subfield>
    <subfield code="2">rubbk</subfield>
  </datafield>
  <datafield tag="700" ind1=" " ind2="1">
    <subfield code="9">z01790</subfield>
    <subfield code="a">&#x422;&#x430;&#x43D;&#x435;&#x435;&#x432;</subfield>
    <subfield code="b">&#x421;.&#x418;.</subfield>
    <subfield code="f">1856-1915</subfield>
    <subfield code="g">&#x421;&#x435;&#x440;&#x433;&#x435;&#x439; &#x418;&#x432;&#x430;&#x43D;&#x43E;&#x432;&#x438;&#x447;</subfield>
    <subfield code="4">230</subfield>
    <subfield code="7">ca</subfield>
  </datafield>
  <datafield tag="790" ind1=" " ind2="1">
    <subfield code="9">z01700</subfield>
    <subfield code="a">Taneev</subfield>
    <subfield code="b">S. I.</subfield>
    <subfield code="f">1856-1915</subfield>
    <subfield code="g">Sergej Ivanovich</subfield>
    <subfield code="4">230</subfield>
    <subfield code="7">ba</subfield>
  </datafield>
  <datafield tag="801" ind1=" " ind2="0">
    <subfield code="a">RU</subfield>
    <subfield code="b">NLR</subfield>
    <subfield code="c">20120525</subfield>
    <subfield code="g">PSBO</subfield>
  </datafield>
  <datafield tag="801" ind1=" " ind2="1">
    <subfield code="a">RU</subfield>
    <subfield code="b">NLR</subfield>
    <subfield code="c">20120525</subfield>
    <subfield code="2">rusmarc</subfield>
  </datafield>
  <datafield tag="801" ind1=" " ind2="2">
    <subfield code="a">RU</subfield>
    <subfield code="b">NLR</subfield>
    <subfield code="c">20151106</subfield>
  </datafield>
  <datafield tag="852" ind1=" " ind2=" ">
    <subfield code="a">NLR</subfield>
    <subfield code="b">&#x41C;</subfield>
    <subfield code="j">&#x41C; 260-3/&#x422;.181</subfield>
    <subfield code="p">14713</subfield>
    <subfield code="t">1</subfield>
  </datafield>
  <datafield tag="942" ind1=" " ind2=" ">
    <subfield code="c">SCORE</subfield>
  </datafield>
  <datafield tag="980" ind1=" " ind2=" ">
    <subfield code="a">NB</subfield>
  </datafield>
  <datafield tag="980" ind1=" " ind2=" ">
    <subfield code="a">ONIZ</subfield>
  </datafield>
  <datafield tag="981" ind1="2" ind2="4">
    <subfield code="a">(24) &#x41D;&#x43E;&#x442;&#x43D;&#x44B;&#x435; &#x438;&#x437;&#x434;&#x430;&#x43D;&#x438;&#x44F; &#x438; &#x430;&#x443;&#x434;&#x438;&#x43E;&#x437;&#x430;&#x43F;&#x438;&#x441;&#x438;</subfield>
    <subfield code="b">(24) &#x425;&#x43E;&#x440;&#x43E;&#x432;&#x430;&#x44F; &#x43C;&#x443;&#x437;&#x44B;&#x43A;&#x430;. &#x420;&#x435;&#x43F;&#x435;&#x440;&#x442;&#x443;&#x430;&#x440; &#x43B;&#x44E;&#x431;&#x438;&#x442;&#x435;&#x43B;&#x44C;&#x441;&#x43A;&#x43E;&#x433;&#x43E; &#x445;&#x43E;&#x440;&#x430;.</subfield>
  </datafield>
  <datafield tag="995" ind1=" " ind2=" ">
    <subfield code="5">2012-05-25</subfield>
    <subfield code="b">NLR01</subfield>
    <subfield code="c">NLR01</subfield>
    <subfield code="e">ONIZ</subfield>
    <subfield code="k">&#x41C; 260-3/&#x422;.181 &#x41C; 260-3/&#x422;.181</subfield>
    <subfield code="o">0</subfield>
    <subfield code="r">SCORE</subfield>
    <subfield code="s">_26031812603181</subfield>
  </datafield>
</record>
